| 000 | 00390nam a2200157Ia 4500 | ||
|---|---|---|---|
| 008 | 260417s2024 xx 000 0 und d | ||
| 041 | _aeng | ||
| 082 |
_a615/YAD _bDI-1246 |
||
| 100 | _aDR.ADHIKRAO YADAV | ||
| 245 | _aPHARMACOLOGY | ||
| 250 | _a3RD ed | ||
| 260 |
_aPUNE _b2024 _bNIRALI PRAKASHAN |
||
| 300 | _aP.B/A-31-13.4p | ||
| 650 | _aPHARMACOLOGY | ||
| 700 | _aMRS.ASHWINI DUBAL | ||
| 999 |
_c1220557 _d1220557 |
||